zpět

Detail výsledku týmu

Jak jinak pub, Třebíč

Datum a čas kvízu

16.5 Celkem bodů Celkový počet nahraných bodů na tomto kvízu bez doplňovacích otázek.
6. Pořadí na kvízu Konečné umístění týmu na tomto kvízu.

Zaznamenané odpovědi

# Otázka Odpověď Body Výsledky
1. V sobotu oslavila v pražské zo... Mobi 0
2. Ruské úřady zadržely tři školá... C) sněhovými koulemi uhasili věčný oheň u památníku 0
3. Dvě ikony folku 60. let minulé... Art Garfunkel, Paul Simon 0
4. Ve čtvrtek byla v pražských Št... Lidl 1
5. V neděli byl oficiálně oznámen... SK Slavia Praha, Tottenham Hotspur FC 0
6. Z historie se zdá, že Američan... Dwight Eisenhower 1
7. Kterou vysokou školu vystudova... D 1
8. Pod kterým uměleckým pseudonym... Vin Diesel 0
9. Lebkouni ze stejnojmenného fil... A 0
10. Přiřaďte tyto lysé filmové hrd... 1B 2D 3C 4A 0